000 01161nam a22003257a 4500
003 CHAP
005 20220329135034.0
008 971013s1980 r 00010 d
010 _a29938
011 _a30910
035 _a35022
040 _cCHAP
082 _a633
_bN3
100 0 0 _aNabors, Murray W.
_979995
245 _aRapid crop improvement using tissue culture techniques ; a new method for the production of stress tolerant, energy efficient crop plants
260 _aWashington :
_bAgency for International Development,
_c1980
300 _a33 h.
_b: ilus.
490 _aTechnical series bulletin
_v; 24
590 _aBATCH-UPD
_b10
_c20130110
_lUCH01
_h1533
590 _aCONVERSION
_b10
_c20130109
_lUCH01
_h1317
650 1 4 _aCultivo de tejidos.
_930213
650 1 4 _aCultivos
_xMejoramiento.
_930293
700 0 _aHardcastle, Terrence.
_952630
710 0 _aAgencia para el Desarrollo Internacional.
_91116
830 0 _aTechnical series bulletin
_v; 24
_9111915
901 _aBK
942 _cLIBRO
949 _a633 N3
_bBC
_cLIBRO
_d-80972
_eLIBRO
_fc.2
_h60328
_i35022
_si
949 _a633 N3
_bBC
_cLIBRO
_d33724000159851
_eLIBRO
_h57725
_i35022
_si
999 _c29938
_d29938